00000000nam##2200000za#4500
0019.596775
003CaOODSP
00520210624203714
007cr |||||||||||
008150406|2003||||xxc|||||o    f|0| 0 fre|d
040 |aCaOODSP|bfre
043 |an-cn---
0861 |aH50-3/162-2003F-PDF
1101 |aCanada. |bSanté Canada.
24513|aLa maladie mangeuse de chair |h[ressource électronique]
260 |bSanté Canada |cJanvier 2003.
300 |a2p.
4901 |aVotre santé et vous
590 |a08-46|b2008-11-14
77508|tFlesh-eating disease |w(CaOODSP)9.565134
7760#|tLa maladie mangeuse de chair |w(CaOODSP)9.628068
830#0|aVotre santé et vous.|w(CaOODSP)9.501134
85640|ahttp://publications.gc.ca|qPDF|s73 Ko|uhttps://publications.gc.ca/collections/collection_2008/hc-sc/H50-3-162-2003F.pdf